000 002150000a22000970004500
100 1 _aOGorman, Frances
245 1 0 _aFavela Santa Marta
300 _aNúm 10 (1986), Páginas 32-34
773 0 _tTogether
942 _cANA
999 _c56941
_d56941